000 00747nam a2200229Ia 4500
003 GCL
008 140319s9999 xx 000 0 ara d
040 _aGCL /
_cGCL
082 0 4 _a891.86
_bك م
100 1 _aهدى حبيشة
245 1 0 _aمسرحيتان من تشيكيا وسلوفاكيا /
_cهدى حبيشة
700 1 _aعبدالمنعم سليم
700 1 _aكليما, ايفان
700 1 _aكراليك, ستيفان
300 _a223 ص
490 _aالهيئة العامة للاستعلامات
_v0
650 0 4 _aالادب التشيكى
650 0 4 _aالمسرحيات التشيكية
650 0 4 _aالمسرحيات - السلوفاكية
650 0 4 _aالادب السلوفاكى
942 _2ddc
_cBK
999 _c50047
_d50047